00504cam a2200193 a 4500001000800000005001700008008004100025010001700066020002200083020002300105040001800128041000800146080001700154082002100171100000700192101000800199245003900207504006400246255897720180228064059.0950201s1995 nyua b 001 0 eng  a 95005761  a0465085946 (pbk.) a0465085938 (cloth) aDLCcDLCdDLC aeng a306.872 rih00a306.872 rih2201 a49 apsi10aKidding ourselves :cRhona Mahony. aIncludes bibliographical references (p. 253-265) and index.